000 00317pab a2200133 454500
008 180718b1988 xxu||||| |||| 00| 0 eng d
245 _aSpecial issue on First National Water convention
260 _c1988
300 _a1-36
362 _aJan.-Mar.
650 _aWater Supply
773 _aBhagirath
909 _a20611
999 _c20611
_d20611